Devine le concept de Squeezie - Statistiques

Statistiques générales
  • Ce quiz a été pris 204 fois
  • Le résultat moyen est 6 sur 16
Statistiques - réponses
Hint Réponse % Correct
Succession de rendez-vous amoureux. Le but étant de répondre correctement à plusieurs questions posées par une actrice pour obtenir son numéro de téléphone Le pire date
88%
Deux invités et quatre vagues de trois professionnels dont un menteur et complice d'un invité Qui est l'imposteur ?
72%
3 portes cachent chacune une épreuve, les invités et Squeezie jouent ensembles et disposent de quatre essais pour tenter de remporter l'épreuve Qui subira la pire épreuve ? - Doors
64%
Squeezie raconte une ou plusieurs histoires d'épouvantes principalement trouvé sur internet Thread horreur
52%
Adapté d'un jeu vidéo éponyme, de nombreux invités se voient attribuer un rôle ( justicier, innocent… ) dans le but de s'entretuer et faire gagner son équipe Qui est le meurtrier ? - Murder IRL
47%
Squeezie et trois invités possèdent chacun un objet identique en apparence, mais en réalité, l'un d'entre eux est différent des autres Qui aura l'objet piégé ?
46%
Deux duos s'affrontent sur leur complicité dans le cadre d'un interrogatoire au poste de police Le meilleur duo évite la prison - Le pire duo va en prison - Alibi
45%
Deux duos doivent deviner quelle scène insolite se trouve de l'autre côté du mur parmi les deux propositions faites par l'équipe adverse Y'a quoi derrière la porte ?
41%
Confrontation dans un style juridique avec les spectateurs Twitch qui se sont fait bannir de leur chaîne Tribunal des bannis - Ils nous ont insulté en ligne, on les confronte IRL
39%
Squeezie et 4 invités se soumettent aux avis de différentes personnes devant les classer entre eux en se fiant uniquement à leur apparence Des inconnus nous jugent
35%
Podcast dans le studio du youtubeur, accompagné d'amis ou célébrités sur des sujets divers et variés Micro Chaussettes
28%
Deux duos s'affrontent dans un cadre scolaire, devant relever trois épreuves sans se faire prendre par le professeur L'Académie des cancres
21%
Dans un hangar, plus de 1500 figurants et parmi eux se cachent, chacun leur tour, Squeezie et ses trois invités Ouéskilé - Le plus grand Où est Charlie du monde
19%
Chacun des invités présente un exposé dévoilant un " secret " sur un autre invité Qui nous cache quelque chose ?
16%
Trois invités et Squeezie doivent résoudre une série d'énigme en équipe pour désamorcer une intelligence artificielle menaçant de poster du contenu compromettant sur les réseaux 4 humains VS 1 IA - Désactive l'IA ou elle détruira ta vie
15%
10 youtubeurs se retrouvent enfermés dans un véhicule et doivent réussir une succession d'épreuves leur permettant d'avancer de wagon en wagon pour arrêter l'engin en marche Qui réussira à stopper le train ?
11%
Aucun quiz correspondant
Distribution des résultats
% des personnes avec chaque résultat
Percentile par nombre de réponses
Votre historique - résultats
Vous n’avez pas pris ce quiz